000 00533nam a2200181Ia 4500
003 IN-BaIIA
008 211028s9999 xx 000 0 eng d
040 _cIIA Library
080 _a523.947
_bWAL-2
100 _aWaldmeier, M
_91588
245 0 _aDie sonnenkorona
_cM. Waldmeier
260 _aBasel,
_bBrikhauser Verlag
_c1957
300 _a353p.
650 _aAstronomy and Astrophysics Thesaurus
650 _aSolar Corona
_93373
650 _aSolar Prominences
_93374
942 _cBK
999 _c1717
_d1717